Kezdet és vég

Elmentve itt :
Bibliográfiai részletek
Szerző: Kornis Gyula
Adatforrás:Philobibl
Forrásdokumentuma:Athenaeum 1933/6
181-201. p.
Dokumentumtípus: Cikk
Nyelv:magyar
LEADER 00256nab a2200097 c 4500
001 bibDOK00012246
005 20200924120742.2
008 060518s1933 xx hun
100 1 |a Kornis Gyula 
245 1 0 |a Kezdet és vég  |c Kornis Gyula 
773 0 |t Athenaeum 1933/6  |g 181-201. p.